| 000 | 00987nam a2200241Ia 4500 | ||
|---|---|---|---|
| 001 | 9970 | ||
| 003 | GE_BSU | ||
| 008 | 181216s||||||||xx |||||||||||||| ||und|| | ||
| 020 | _a9789941444050 | ||
| 040 | _cGE_BSU | ||
| 080 | _a821.353.1+821.353.1-1+821.353.1-32+821.353.1-293.7 | ||
| 100 | _aკაშია,ჯანრი | ||
| 245 | _aთხზულებანი. ტ.6.მარტოობის ქარები:მხატვრული პროზა:პოეზია | ||
| 245 | _cრედ.ხათუნა თოდუა,თამარ თითმერია | ||
| 260 | _aთბილისი | ||
| 260 | _bქართული ბიოგრაფიული ცენტრი. | ||
| 260 | _c2013 | ||
| 300 | _a208გვ.ფოტო.21სმ. | ||
| 653 | _aთხზულებანი | ||
| 653 | _aმარტოობის ქარები: | ||
| 653 | _aმხატვრული პროზა:პოეზია | ||
| 942 | _cBK | ||
| 999 |
_c43243 _d43243 |
||